|
|
|
|
| LEADER |
00000nas a22000007a 4500 |
| 001 |
ssj0001054028 |
| 003 |
WaSeSS |
| 005 |
20200512172242.0 |
| 006 |
m d |
| 007 |
cr n |
| 008 |
041119c20019999ch br p s 0 0chi |
| 022 |
|
|
|l 1023-2141
|y 1023-2141
|
| 035 |
|
|
|a (WaSeSS)ssj0001054028
|
| 040 |
|
|
|a DNLM
|c DNLM
|d WaSeSS
|
| 041 |
0 |
|
|a chi
|b eng
|f eng
|
| 060 |
0 |
0 |
|a W1
|b CH9817BC
|
| 130 |
0 |
|
|a Taiwan gong gong wei sheng za zhi (Taiwan gong gong wei sheng xue hui)
|
| 210 |
0 |
0 |
|a Taiwan wei zhi
|
| 245 |
1 |
0 |
|a Taiwan gong gong wei sheng za zhi
|h [electronic resource] =
|b Taiwan journal of public health.
|
| 246 |
3 |
1 |
|a Taiwan journal of public health
|
| 260 |
|
|
|a Taibei :
|b Taiwan gong gong wei sheng xue hui,
|c 2001-
|
| 310 |
|
|
|a Bimonthly
|
| 362 |
0 |
|
|a Di 20 juan di 1 qi (Minguo 90 nian 2 yue)- = Vol. 20, no. 1 (Feb. 2001)-
|
| 500 |
|
|
|a Title from cover.
|
| 506 |
|
|
|a License restrictions may limit access.
|
| 546 |
|
|
|a Table of contents and abstracts also in English.
|
| 650 |
1 |
2 |
|a Public Health
|0 https://id.nlm.nih.gov/mesh/D011634
|
| 651 |
|
2 |
|a Taiwan
|0 https://id.nlm.nih.gov/mesh/D013624
|
| 655 |
|
0 |
|a Electronic journals.
|
| 710 |
2 |
|
|a Taiwan gong gong wei sheng xue hui.
|
| 780 |
0 |
0 |
|t Zhonghua gong gong wei sheng za zhi
|
| 856 |
4 |
0 |
|z Full text available from Research Library: 02/01/2011 to present
|u https://search.proquest.com/publication/806341
|
| 987 |
|
|
|a PINYIN
|b OCoLC
|c 20021018
|d c
|e 03.10.2002
|